MARC details
| 000 -CABECERA |
| campo de control de longitud fija |
00869nam a2200241 a 4500 |
| 005 - FECHA Y HORA DE LA ÚLTIMA TRANSACCIÓN |
| campo de control |
20210223130522.0 |
| 008 - ELEMENTOS DE LONGITUD FIJA--INFORMACIÓN GENERAL |
| campo de control de longitud fija |
080618s1973 mx r 000 0 spa d |
| 020 ## - NÚMERO INTERNACIONAL NORMALIZADO PARA LIBROS |
| Número Internacional Estándar del Libro |
9282000052. |
| 035 ## - NÚMERO DE CONTROL DEL SISTEMA |
| Número de control de sistema |
UPN01000157062 |
| 049 ## - COLECCIÓN |
| Colección |
UNE |
| 080 ## - NÚMERO DE CLASIFICACIÓN DECIMAL UNIVERSAL |
| Número de la Clasificación Decimal Universal |
OC 016:374 (100) =20=40 DAV No.2. |
| 100 1# - ASIENTO PRINCIPAL--NOMBRE PERSONAL |
| Nombre de persona |
Dave, R.H. |
| 9 (RLIN) |
32391 |
| 245 10 - MENCIÓN DE TÍTULO |
| Título |
Lifelong education and the school= L'éducation permanente et l'ecole : |
| Resto del título |
abstractsand bibliography= extraits et bibliographie / |
| Mención de responsabilidad, etc. |
R.H. Dave ; N. Stienmerling. |
| 260 ## - PUBLICACIÓN, DISTRIBUCIÓN, ETC. |
| Lugar de publicación, distribución, etc. |
Hamburg : |
| Nombre del editor, distribuidor, etc. |
UNESCO, |
| Fecha de publicación, distribución, etc. |
1973. |
| 300 ## - DESCRIPCIÓN FÍSICA |
| Extensión |
154 p. |
| 440 #0 - MENCIÓN DE SERIE/ASIENTO SECUNDARIO--TÍTULO |
| Título |
UIE monographs ; |
| Designación de volumen o secuencia |
2 |
| 500 ## - NOTA GENERAL |
| Nota general |
Incluye texto en francés. |
| 690 ## - PUNTO DE ACCESO ADICIONAL DE MATERIA LOCAL--TÉRMINO DE MATERIA (OCLC, RLIN) |
| Término de materia o nombre geográfico como elemento inicial |
Educacion permanente - Bibliografias especiales |
| 690 ## - PUNTO DE ACCESO ADICIONAL DE MATERIA LOCAL--TÉRMINO DE MATERIA (OCLC, RLIN) |
| Término de materia o nombre geográfico como elemento inicial |
Bibliografias especiales - Educacion permanente |
| 700 1# - ASIENTO SECUNDARIO--NOMBRE DE PERSONAL |
| Nombre de persona |
Stiemerling, N., |
| Término indicativo de función/relación |
coaut |
| 710 2# - ASIENTO SECUNDARIO - NOMBRE CORPORATIVO |
| Nombre de entidad corporativa o nombre de jurisdicción como elemento de entrada |
UNESCO. |
| Unidad subordinada |
Institute for Education Hamburg. |
| 905 ## - TIPO DE MATERIAL |
| Tipo de material |
UNESCO |